• 首页
  • 本馆介绍
  • 公告通知
  • 最新文献
  • 馆藏检索
  • 电子资源
  • 读者导购
  • 参考咨询
  • 我的图书馆
  • 登录
  • 详细信息显示
  • 放入我的书架
  • 预约/预借图书
  • 作者相关作品
  • 分类相关作品
  • 丛书相关作品
  • 出版社相关作品

书目信息

  • 表格格式
  • 工作单格式
  • 卡片格式
题名:
老老恒言
    
 
作者: 杨力 编著
分册:  
出版信息: 北京   中国轻工业出版社  2022.02
页数: 192页
开本: 24cm
丛书名:
单 册:
中图分类: R247.1 , TS972.137
科图分类:
主题词: 粥--zhou--食物养生--食谱
电子资源:
ISBN: 978-7-5184-3728-3
000 01442nam0 2200277 450
001 CAL 0120227360983
005 20230217093111.0
010    @a978-7-5184-3728-3@dCNY49.80
100    @a20220221d2022 em y0chiy0120 ea
101 0  @achi
102    @aCN@b110000
105    @aa z 001yy
106    @ar
200 1  @a老老恒言@Alao lao heng yan@e精选养生粥208道@f杨力编著
210    @a北京@c中国轻工业出版社@d2022.02
215    @a192页@c彩图@d24cm
314    @a杨力, 中国中医科学院教授、博士生导师, 中央电视台《百家讲坛》特邀专家。从事中医研究45年, 行医长达40年之久。近十年来, 其数干场公益讲座深受国人喜爱, 曾多次在中央电视台、北京卫视、山东卫视、福建卫视、湖南卫视、辽宁卫视等媒体进行中医养生知识的科普宣传。从20世纪80年代起至今, 出版学术代表作有《周易与中医学》《中医运气学》《中医疾病预测学》等 ; 养生科普作品有《杨力教授讲心脏健康》《脾不虚病不找》等, 反响甚大。
320    @a有索引
330    @a《老老恒言》一书专讲起居、守静及粥道, 号称养生三宝。其中的粥道及粥方最为精彩, 包括上、中、下三品, 强调粥最能滋养五脏。本书做了精选, 并结合古今各种宫廷粥、民间粥、地方特色粥, 尤其以长寿粥、养生粥、药食粥、节气粥等为主, 精选了208道养生长寿粥, 全方位地集中展示了中国粥的风采。
517 1  @a精选养生粥208道@Ajing xuan yang sheng zhou 208 dao
606 0  @a粥@Azhou@x食物养生@x食谱
690    @aR247.1@v5
690    @aTS972.137@v5
701  0 @a杨力@Ayang li@4编著
801  0 @aCN@bBJXHZP@c20230228
905    @b1405244-7@dR247.1@e650@f4
    
    老老恒言:精选养生粥208道/杨力编著.-北京:中国轻工业出版社,2022.02
    192页:彩图;24cm
    
    
    ISBN 978-7-5184-3728-3:CNY49.80
    《老老恒言》一书专讲起居、守静及粥道, 号称养生三宝。其中的粥道及粥方最为精彩, 包括上、中、下三品, 强调粥最能滋养五脏。本书做了精选, 并结合古今各种宫廷粥、民间粥、地方特色粥, 尤其以长寿粥、养生粥、药食粥、节气粥等为主, 精选了208道养生长寿粥, 全方位地集中展示了中国粥的风采。
●
相关链接 在E读中查询图书 在五车中查询图书 在当当中查询图书 在豆瓣中查询图书


正题名:老老恒言     索取号:R247.1/650         预约/预借

序号 登录号 条形码 馆藏地/架位号 状态 备注
1 1405244   214052442   第二样本阅览室/ [索取号:R247.1/650] 在馆    
2 1405245   214052451   第三借阅区/ [索取号:R247.1/650] 在馆    
3 1405246   214052460   第三借阅区/ [索取号:R247.1/650] 在馆    
4 1405247   214052479   第三借阅区/ [索取号:R247.1/650] 在馆    
唐山师范学院图书馆 欢迎您!
大连网信软件有限公司© 版权所有